Statistics for Countries Portugal Invaded, Occupied or Fought

Click here to take the quiz!

General Stats

  • This quiz has been taken 351 times
    (247 since last reset)
  • The average score is 13 of 24

Answer Stats

Answer% Correct
Spain
94%
France
92%
Brazil
89%
United Kingdom
84%
Angola
83%
Germany
78%
India
78%
Mozambique
77%
China
73%
Guinea
62%
Cape Verde
59%
Sao Tome and Principe
58%
Guinea Bissau
56%
Indonesia
56%
East Timor
53%
Uruguay
50%
Belgium
32%
Equatorial Guinea
31%
Senegal
28%
Iraq
24%
Benin
17%
Kosovo
9%
Macedonia
6%
Bosnia and Herzegovina
4%

Score Distribution

Percentile by Number Answered

Percent of People with Each Score

Your Score History

You have not taken this quiz since the last reset